Desserts from 'T' - Statistics

General Stats
  • This quiz has been taken 25 times
  • The average score is 3 of 16
Answer Stats
Picture Answer % Correct
Tiramisu
91%
Turkish Delight
57%
Trifle
52%
Tarte Tatin
22%
Tres Leches Cake
13%
Tangyuan
4%
Tartufo
4%
Treacle Tart
4%
Turron
4%
Tartaletas
0%
Teacake
0%
Tikvenik
0%
Tin Roof Pie
0%
Torta Caprese
0%
Tortell
0%
Tulumba
0%
No matching quizzes found
Score Distribution
Percent of People with Each Score
Percentile by Number Answered
Your Score History
You have not taken this quiz